Statistiques concernant Joueurs ayant marqué au moins 1 but lors de deux Coupes de monde différentes ou plus

Cliquez ici pour prendre le quiz!

Statistiques générales

  • Ce quiz a été pris 59 fois
  • Le résultat moyen est 50 sur 187

Statistiques - réponses

Answer % Correct
Zinedine Zidane
96%
Gerd Müller
90%
Thomas Müller
90%
Michel Platini
88%
Pelé
88%
Cristiano Ronaldo
88%
Ronaldo
88%
Thierry Henry
86%
Lionel Messi
84%
Paul Pogba
84%
Diego Maradona
82%
Miroslav Klose
78%
Romelu Lukaku
73%
David Villa
71%
Neymar
67%
Didier Drogba
67%
Luis Suarez
67%
Arjen Robben
63%
Edinson Cavani
63%
Samuel Eto'o
61%
Mario Mandzukic
61%
Michael Owen
61%
Roberto Baggio
61%
Javier Hernandez
59%
Raymond Kopa
59%
Rivaldo
57%
Tim Cahill
57%
Ivan Perisic
57%
David Beckham
57%
Angel Di Maria
57%
Robin van Persie
55%
Kevin De Bruyne
55%
Gabriel Batistuta
53%
Thiago Silva
53%
Fernando Torres
53%
Diego Forlan
51%
Son Heung-min
51%
Raul
51%
Franz Beckenbauer
49%
Asamoah Gyan
47%
Landon Donovan
47%
Roger Milla
47%
Paolo Rossi
47%
Gonzalo Higuain
45%
Mesut Ozil
45%
Wesley Sneijder
45%
Bebeto
43%
Bobby Charlton
43%
Toni Kroos
41%
Ronald Gomez
41%
Dries Mertens
41%
Keisuke Honda
41%
Xherdan Shaqiri
39%
Marouane Fellaini
39%
Park Ji-sung
37%
Juan Cuadrado
37%
Lothar Matthäus
37%
Fernando Morientes
37%
Steven Gerrard
37%
Marc Wilmots
35%
Alessandro Del Piero
35%
Jürgen Klinsmann
35%
Dennis Bergkamp
35%
Granit Xhaka
35%
Henrik Larsson
33%
Mile Jedinak
33%
Socrates
33%
Fernando Hierro
31%
Garrincha
31%
Michael Laudrup
31%
Enzo Scifo
31%
Christian Vieri
31%
Ahmed Musa
31%
Zico
31%
Lukas Podolski
31%
Pedro Miguel Pauleta
31%
Dominique Rocheteau
29%
Gary Lineker
29%
Rudi Völler
29%
Marcos Rojo
27%
Karl-Heinz Rummenigge
27%
Fred
24%
Rafael Marquez
24%
Jon Dahl Tomasson
22%
Jan Vertonghen
22%
Leônidas
22%
Claudio Caniggia
20%
Jan Ceulemans
20%
Sami Khedira
20%
Jorge Burruchaga
20%
Hernan Crespo
20%
Oliver Bierhoff
20%
Vava
20%
Xabi Alonso
18%
Juan Fernando Quintero
18%
Didi
18%
Andreas Brehme
18%
Cuauhtémoc Blanco
16%
Benni McCarthy
16%
Klaas-Jan Huntelaar
16%
Patrick Mboma
16%
Jean Beausejour
14%
Geoff Hurst
14%
Blerim Dzemaili
14%
Jairzinho
14%
Sami Al-Jaber
12%
Luis Enrique
12%
Paul Breitner
12%
Johnny Rep
12%
Clint Dempsey
12%
Carlos Tevez
12%
Robert Prosinecki
12%
Zbigniew Boniek
12%
Tomas Brolin
12%
Grzegorz Lato
10%
Marc Degryse
10%
Uwe Seeler
10%
Jean Vincent
10%
Ivica Olic
10%
Sulley Muntari
10%
Bernard Genghini
10%
Luis Alberto Cubilla
8%
Careca
8%
Paulo Wanchope
8%
Valentin Ivanov
8%
Daniel Passarella
6%
Pierre Littbarski
6%
Mario Zagallo
6%
Kenny Dalglish
6%
Tostao
6%
Brian McBride
6%
Nasko Sirakov
6%
Gianni Rivera
6%
François Omam-Biyik
6%
Alessandro Altobelli
6%
Shinji Okazaki
6%
Erwin Vandenbergh
4%
Oldrich Nejedly
4%
Alberto Garcia Aspe
4%
Simao
4%
Wolfgang Overath
4%
Hans Krankl
4%
Dennis Rommedahl
4%
Ahn Jung-hwan
4%
Giuseppe Meazza
4%
Rob Rensenbrink
4%
Vincenzo Iaquinta
4%
Julio Salinas
4%
Dragan Stojkovic
4%
Hristo Bonev
4%
Agustin Delgado
2%
Juan Alberto Schiaffino
2%
Oleg Blokhine
2%
Martin Peters
2%
Oliver Neuville
2%
Andrzej Szarmach
2%
Daniel Bertoni
2%
Hwang Sun-hong
2%
Kjetil Rekdal
2%
Yoo Sang-chul
2%
Walter Schachner
2%
Teófilo Cubillas
2%
Alfred Körner
2%
Dan Petrescu
2%
Helmut Rahn
2%
Tom Finney
2%
Jacques Fatton
2%
Géza Toldi
0%
Lajos Tichy
0%
René Houseman
0%
Romeo Benetti
0%
György Sarosi
0%
Jean Nicolas
0%
Baltazar
0%
Rivellino
0%
Joe Jordan
0%
Egisto Pandolfini
0%
Nelson Cuevas
0%
André Abegglen
0%
Igor Tchislenko
0%
Oleksandr Zavarov
0%
Sven Jonasson
0%
Stefan Dobay
0%
Hans Schäfer
0%
Kazimierz Deyna
0%
Wlodzimierz Smolarek
0%
Oscar Miguez
0%

Distribution des résultats

Percentile by Number Answered

% des personnes avec chaque résultat

Votre développement - résultats

Vous n’avez pas pris ce quiz